Central Library OPAC University of Rajshahi

A guide to exporting / (Record no. 6824)

MARC details
000 -LEADER
fixed length control field 00637cam a2200229u 4500
001 - CONTROL NUMBER
control field 6824
003 - CONTROL NUMBER IDENTIFIER
rucl marc code BD-RjUL
005 - DATE AND TIME OF LATEST TRANSACTION
control field 20211208234324.0
008 - FIXED-LENGTH DATA ELEMENTS--GENERAL INFORMATION
fixed length control field 120114s1950 enk 001 0 eng d
035 ## - SYSTEM CONTROL NUMBER
System control number (BD-RjUL)6866
040 ## - CATALOGING SOURCE
Original cataloging agency DLC
Transcribing agency CarP
Modifying agency DLC
-- BD-RjUL
Language of cataloging eng
041 ## - LANGUAGE CODE
Language code of text/sound track or separate title eng
082 ## - DEWEY DECIMAL CLASSIFICATION NUMBER
Edition number 19
Classification number 380.1
Author mark and year HOG 1950
100 1# - MAIN ENTRY--PERSONAL NAME
Personal name Hodges, Thomas Mansel. [from old catalog]
9 (RLIN) 21439
245 12 - TITLE STATEMENT
Title A guide to exporting /
260 ## - PUBLICATION, DISTRIBUTION, ETC. (IMPRINT)
Place of publication, distribution, etc. London,
Name of publisher, distributor, etc. Pitman
Date of publication, distribution, etc. 1950
300 ## - PHYSICAL DESCRIPTION
Pagination xiii, 144 p.
Size 22 cm.
651 #0 - SUBJECT ADDED ENTRY--GEOGRAPHIC NAME
Geographic name Great Britain
General subdivision Commerce
Form subdivision Handbooks, manuals, etc.
9 (RLIN) 21440
942 ## - ADDED ENTRY ELEMENTS (KOHA)
Source of classification or shelving scheme Dewey Decimal Classification
Koha item type Books
Holdings
Lost status Source of classification or shelving scheme Damaged status Not for loan Collection code Permanent Location Current Location Shelving location Date acquired Source of acquisition Total Checkouts Full call number Date last seen Copy number Koha item type
  Dewey Decimal Classification   Not For Loan Non-fiction Central Library, University of Rajshahi Central Library, University of Rajshahi   26/01/1955 Rong   380.1 HOG 1950 12/01/2014 C-1 Books